000 00577nam a2200181Ia 4500
008 151018s9999 xx 000 0 und d
082 _bRBASDV26571
_a891.463
100 _aवा शि आपटे
245 _aरानगढीचे साहस
250 _b2
260 _bश्रीराम प्रकाशन पुणे
_c1988
300 _a64
600 _aवा शि आपटे
630 _aरानगढीचे साहस
700 _aवा शि आपटे
730 _aरानगढीचे साहस
942 _cBOOK
999 _c1026174
_d1026171